Trouvez où sont ces gares - Monde - Statistiques

Statistiques générales
  • Ce quiz a été pris 10 fois
  • Le résultat moyen est 5 sur 16
Statistiques - réponses
Par images Réponse % Correct
New-York
90%
Bangkok
70%
Tokyo
70%
Buenos Aires
50%
Mumbai
40%
Astana
30%
Ho Chi Minh Ville
30%
Séoul
30%
Sydney
30%
Karachi
20%
Téhéran
20%
Toronto
20%
Bakou
10%
Kuala Lumpur
10%
Maputo
0%
Vladivostok
0%
Aucun quiz correspondant
Distribution des résultats
% des personnes avec chaque résultat
Percentile par nombre de réponses
Votre historique - résultats
Vous n’avez pas pris ce quiz